| 000 | 01004nam0a22002531 4500 | ||
|---|---|---|---|
| 001 | rc\605481 | ||
| 005 | 20031121163637.4 | ||
| 035 | _a(NLR Aleph) 005849605 | ||
| 090 |
_a5764706 _c5764706 |
||
| 100 | _a20031121d1986 u |0rusy50 ca | ||
| 101 | 0 | _arus | |
| 102 | _aRU | ||
| 105 | _ay ||||||||| | ||
| 200 | 1 |
_aСостояние и перспективы повышения эффективности производства в молочной промышленности _e[Информ. обеспечение науч.-техн. программ] _eАналит. обзор _fГосплан КазССР, КазНИИНТИ |
|
| 210 |
_aАлма-Ата _cКазНИИНТИ _d1986 |
||
| 215 |
_a67 с. _d20 |
||
| 320 | _aБиблиогр.: с. 64-65 | ||
| 333 | _aДСП. Экз. № 000007 | ||
| 700 | 1 |
_aКурмангалиев _bС. Г. _gСанат Гарифуллович |
|
| 801 | 0 |
_aRU _bNLR _gpsbo |
|
| 801 | 1 |
_aRU _bELAR _2rusmarc |
|
| 852 |
_aNLR _j87-50К/3572 |
||
| 942 | _cBOOK | ||
| 980 | _aNB | ||